Shop canopies and advertisements (Record no. 17613)

MARC details
000 -LEADER
fixed length control field 00687cab a2200193 4500
001 - CONTROL NUMBER
control field ABS40831
008 - FIXED-LENGTH DATA ELEMENTS--GENERAL INFORMATION
fixed length control field 090401t1989 xxu||||| |||| 00| 0 eng d
035 ## - SYSTEM CONTROL NUMBER
System control number (Sirsi) u26233
041 ## - LANGUAGE CODE
Language code of text/sound track or separate title eng
100 ## - MAIN ENTRY--PERSONAL NAME
Personal name Young, E.S.
245 ## - TITLE STATEMENT
Title Shop canopies and advertisements
260 ## - PUBLICATION, DISTRIBUTION, ETC.
Date of publication, distribution, etc. 1989
350 ## - PRICE (NR) (BK AM CF MU VM SE) [OBSOLETE]
Price 0
490 ## - SERIES STATEMENT
Series statement JPL
Volume/sequential designation (1989) 319-322(4)
520 ## - SUMMARY, ETC.
Summary, etc. Examines planning permission requirements in relation to the display of advertisements on fixed shop canopies , business premises and hoardings. Highlights relevant appeal decisions and a recent Scottish case, City of Glasgow DC v SoS for Scotland.
690 ## - LOCAL SUBJECT ADDED ENTRY--TOPICAL TERM (OCLC, RLIN)
Topical term or geographic name as entry element PLANNING LAW AND PRACTICE
942 ## - ADDED ENTRY ELEMENTS (KOHA)
Suppress in OPAC 0
948 ## - LOCAL PROCESSING INFORMATION (OCLC); SERIES PART DESIGNATOR (RLIN)
c (OCLC) 04/03/1997
Holdings
Withdrawn status Lost status Source of classification or shelving scheme Damaged status Not for loan Home library Current library Shelving location Date acquired Total Checkouts Full call number Barcode Date last seen Copy number Price effective from Koha item type
    Dewey Decimal Classification     London London Journal article 14/09/1999   ABS40831 26233-1001 06/08/2019 1 06/08/2019 Journal article